A History Of The Modern World (Record no. 596814)

MARC details
000 -LEADER
fixed length control field 00378nam a2200157 a 4500
008 - FIXED-LENGTH DATA ELEMENTS--GENERAL INFORMATION
fixed length control field 251109s2025##################000#0#eng##
020 ## - INTERNATIONAL STANDARD BOOK NUMBER
ISBN 9788187449300
082 04 - DEWEY DECIMAL CLASSIFICATION NUMBER
Classification number 909
Item number JAI
100 1# - MAIN ENTRY--AUTHOR NAME
Personal name Mathur, Jain &,
245 10 - TITLE STATEMENT
Title A History Of The Modern World
942 ## - ADDED ENTRY ELEMENTS (KOHA)
Koha item type English Books
Holdings
Withdrawn status Lost status Damaged status Not for loan Home library Current library Shelving location Date acquired Full call number Accession Number Price effective from Koha item type
        Anna Centenary Library Anna Centenary Library COMPETITIVE SECTION - SEVENTH FLOOR 09.11.2025 909 JAI G016093 09.11.2025 English Books

Find us on the map